000 nam a22 7a 4500
999 _c9425
_d9425
008 180129b ||||| |||| 00| 0 eng d
100 _aMiddlebrook R
_95641
245 _acricket
260 _aKolkata
_c2007